| 000 | 00365nam a2200121 4500 | ||
|---|---|---|---|
| 999 |
_c9921 _d9921 |
||
| 008 | 180723b ||||| |||| 00| 0 eng d | ||
| 100 |
_929297 _aRemo, Amy R. |
||
| 245 |
_aInt'l tourism sector resilient, says UN agency/ _cAmy R. Remo |
||
| 260 |
_aPhilippines _bPhilippine Daily Inquirer _cc2016 |
||
| 300 | _apage B2-1. | ||
| 650 | 0 |
_929298 _aTourism. |
|
| 942 |
_2ddc _cPER |
||